[Event "Oberfranken-ch"]
[Site "Schney"]
[Date "2019.01.05"]
[Round "6"]
[White "Buschbeck, Florian"]
[Black "Koedel, Christian"]
[Result "1/2-1/2"]
[WhiteElo "1639"]
[BlackElo "1684"]
[PlyCount "41"]
[EventDate "2019.01.03"]
[EventType "swiss"]
[EventRounds "7"]
[EventCountry "GER"]
[SourceTitle "CBM 188 Extra"]
[Source "ChessBase"]
[SourceDate "2019.02.26"]
[SourceVersion "1"]
[SourceVersionDate "2019.02.26"]
[SourceQuality "1"]

1. d4 Nf6 2. c4 c5 3. d5 e6 4. Nc3 exd5 5. cxd5 d6 6. e4 g6 7. Bd3 Bg7 8. Nf3 a6 9. a4 Nbd7 10. 0-0 Nh5 11. g4 Nhf6 12. h3 h5 13. g5 Nh7 14. h4 Ne5 15. Nxe5 Bxe5 16. f4 Bd4+ 17. Kh2 Bg4 18. Be2 f5 19. Bxg4 hxg4 20. exf5 gxf5 21. Re1+ 1/2-1/2

[Event "Oberfranken-ch"]
[Site "Schney"]
[Date "2019.01.03"]
[Round "2"]
[White "Buschbeck, Florian"]
[Black "Yigit, Furkan"]
[Result "1-0"]
[WhiteElo "1639"]
[BlackElo "1104"]
[PlyCount "55"]
[EventDate "2019.01.03"]
[EventType "swiss"]
[EventRounds "7"]
[EventCountry "GER"]
[SourceTitle "CBM 188 Extra"]
[Source "ChessBase"]
[SourceDate "2019.02.26"]
[SourceVersion "1"]
[SourceVersionDate "2019.02.26"]
[SourceQuality "1"]

1. c4 e5 2. Nc3 Nf6 3. d3 Bc5 4. e4 h6 5. Be2 0-0 6. Nf3 Nc6 7. 0-0 d6 8. a3 a6 9. b4 Ba7 10. Ne1 Be6 11. Nc2 b5 12. cxb5 axb5 13. Nxb5 Bb3 14. Qd2 Bxc2 15. Qxc2 Bd4 16. Bb2 Bxb2 17. Qxb2 Rb8 18. Nc3 Ne7 19. Rfc1 c5 20. b5 Nc6 21. a4 Nd4 22. a5 Qd7 23. b6 Rfc8 24. a6 Rc6 25. a7 Qb7 26. axb8Q+ Qxb8 27. b7 Rc7 28. Ra8 1-0

[Event "Oberfranken-ch"]
[Site "Schney"]
[Date "2019.01.03"]
[Round "1"]
[White "Rebhan, Gilbert Andre"]
[Black "Buschbeck, Florian"]
[Result "1-0"]
[WhiteElo "1923"]
[BlackElo "1639"]
[PlyCount "61"]
[EventDate "2019.01.03"]
[EventType "swiss"]
[EventRounds "7"]
[EventCountry "GER"]
[SourceTitle "CBM 188 Extra"]
[Source "ChessBase"]
[SourceDate "2019.02.26"]
[SourceVersion "1"]
[SourceVersionDate "2019.02.26"]
[SourceQuality "1"]

1. d4 d5 2. Bf4 e6 3. e3 c5 4. c3 Nf6 5. Nd2 Bd6 6. Bg3 Bxg3 7. hxg3 cxd4 8. exd4 Ne4 9. Nxe4 dxe4 10. Qg4 Qb6 11. 0-0-0 0-0 12. Qxe4 h6 13. Bd3 f5 14. Qh4 Qd6 15. Nf3 Bd7 16. Ne5 Nc6 17. f4 Nxe5 18. dxe5 Qc7 19. g4 Ba4 20. Rd2 Rad8 21. gxf5 exf5 22. g4 Qb6 23. Re1 Bb5 24. Bxb5 Rxd2 25. Bc4+ Kh7 26. Kxd2 Qxb2+ 27. Kd3 Rc8 28. Qe7 b5 29. Qb4 bxc4+ 30. Ke3 Rd8 31. Qxb2 1-0

[Event "Oberfranken-ch U18 1213"]
[Site "Schney"]
[Date "2013.01.03"]
[Round "4"]
[White "Hofmann, Marko"]
[Black "Buschbeck, Florian"]
[Result "0-1"]
[WhiteElo "1629"]
[BlackElo "1673"]
[PlyCount "86"]
[EventDate "2013.01.03"]
[EventType "tourn"]
[EventRounds "7"]
[EventCountry "GER"]
[SourceTitle "EXT 2015"]
[Source "ChessBase"]
[SourceDate "2014.11.20"]
[SourceVersion "1"]
[SourceVersionDate "2014.11.20"]
[SourceQuality "1"]

1. d4 d5 2. e4 dxe4 3. Nc3 c5 4. Be3 cxd4 5. Bxd4 Nc6 6. Bb5 Bd7 7. Nge2 Nxd4 8. Nxd4 Bxb5 9. Ndxb5 a6 10. Qxd8+ Rxd8 11. Nc7+ Kd7 12. N7d5 e6 13. Nf4 g5 14. Nh3 h6 15. 0-0-0+ Kc8 16. Nxe4 f5 17. Rxd8+ Kxd8 18. Rd1+ Kc7 19. Ng3 Bd6 20. Re1 g4 21. Ng1 Kd7 22. c3 Nf6 23. Kc2 Bc5 24. Rd1+ Ke7 25. f3 Nd5 26. Re1 Ne3+ 27. Kb3 Nxg2 28. Re2 Nf4 29. Re1 Nd3 30. Rd1 Bxg1 31. Rxg1 gxf3 32. Kc2 Rd8 33. Nh5 f2 34. Rf1 e5 35. Ng3 Ke6 36. Nh1 e4 37. Nxf2 Nxf2 38. Rxf2 Ke5 39. Rg2 e3 40. Rg7 Ke4 41. Rxb7 Kf3 42. c4 e2 43. Re7 Kf2 0-1

[Event "Oberfranken-ch U14 0809"]
[Site "Schney"]
[Date "2009.01.04"]
[Round "5"]
[White "Buschbeck, Florian"]
[Black "Greger, Matthias"]
[Result "0-1"]
[WhiteElo "1446"]
[BlackElo "1280"]
[PlyCount "56"]
[EventDate "2009.01.02"]
[EventType "swiss"]
[EventRounds "7"]
[EventCountry "GER"]
[SourceTitle "EXT 2012"]
[Source "ChessBase"]
[SourceDate "2011.11.24"]
[SourceVersion "1"]
[SourceVersionDate "2011.11.24"]
[SourceQuality "1"]

1. c4 e5 2. Nc3 Bc5 3. Nf3 Nc6 4. g3 d6 5. Bg2 Be6 6. d3 Qc8 7. e4 h6 8. Nd5 Nge7 9. a3 a5 10. Bd2 Nd4 11. Nxe7 Kxe7 12. 0-0 Bh3 13. Be3 Nxf3+ 14. Qxf3 Bg4 15. Bh3 Bxf3 16. Bxc8 Rhxc8 17. h3 Be2 18. Rfc1 Bxe3 19. fxe3 Bxd3 20. c5 Bxe4 21. Rc4 Bd5 22. Rc3 Ra6 23. Rd1 Be6 24. b4 axb4 25. axb4 Bd7 26. Rb1 b5 27. h4 Be6 28. cxd6+ cxd6 0-1